000 00696nam a2200229Ia 4500
001 8808
003 GE_BSU
008 181216s||||||||xx |||||||||||||| ||und||
040 _cGE_BSU
080 _a821.353.1-31
100 _aკალანდაძე,ალექსანდრე
245 _aბორბალი.
245 _bრომანი.
245 _cრედ:ლ.თურბანდიშვილი;მხატვ:მ.ნონიკაშვილი
260 _aთბილისი.
260 _bმერანი.
260 _c1986.
300 _a335გვ;20სმ
653 _aბორბალი.
653 _aრომანი.
942 _cBK
999 _c42117
_d42117